000
00312nam a22001217a 4500
008
180518b xxu||||| |||| 00| 0 eng d
041
_a
eng
080
_a
043.3
100
_a
0
101
_a
SHKI-BA
245
_a
Evoluimi i Sistemeve Operative (Windows CP, Windows 7 dhe Windows 8)
_c
Cikaqi, R
942
_2
udc
_c
BK
999
_c
45979
_d
45979